Sports Quiz

Random Sports or State Quiz

Iowa State Cyclones Men's BB 2016-17 Roster Quiz Stats

 Plays Quiz not verified by Sporcle

Challenge
Share
Tweet
Embed
Score 0/14 Timer 10:00
0 Plays Today
Position Player Name % Correct
GMonte Morris
98.1%
GMatt Thomas
96.2%
GDeonte Burton
94.2%
FSolomon Young
88.5%
GJakolby Long
86.5%
GNazareth Mitrou-Long
86.5%
GDonovan Jackson
84.6%
Position Player Name % Correct
GNick Weiler-Babb
75%
FDarrell Bowie
71.2%
FMerrill Holden
63.5%
CStuart Nezlek
61.5%
FSimeon Carter
59.6%
GWes Greder
48.1%
FRay Kasongo
25%

You're not logged in!

Compare scores with friends on all Sporcle quizzes.
OR
Log In

You Might Also Like...

Show Comments

Extras

Top Quizzes Today


Score Distribution

Your Account Isn't Verified!

In order to create a playlist on Sporcle, you need to verify the email address you used during registration. Go to your Sporcle Settings to finish the process.

Report this User

Report this user for behavior that violates our Community Guidelines.

Details: